000 01308nam a22003497i 4500
003 EG-GICUC
005 20260121101733.0
008 260118s1980 fr ||||fr|||| 001 0 fre d
020 _a2275011293
040 _aEG-GiCUC
_bfre
_cEG-GiCUC
_dEG-GiCUC
_eRda
041 _afre
082 0 4 _221
_a341.3
_bPA . C
092 0 4 _221
099 _aLaw1 11 341.3 PA . C 1980
100 1 _aPambou Tchivounda, Guillaume
_eAuteur
245 1 3 _aLa Conférence Au Sommet :
_bContribution À L‘étude Des Institutions Des Relations Internationales /
_cPar Guillaume Pambou Tchivounda ; Préf. De Marie-françoise Furet
264 1 _aParis :
_bLibr. générale de droit et de jurisprudence,
_c1980.
300 _aII, 452 pages ;
_c 24 cm.
336 _2rda contenu
_a texte
337 _2rda medias
_aOrdinateur
338 _2 transporteur rda
_a Ressource en ligne
490 0 _aBibliothèque de droit international ;
_vt. 85.
504 _aComprend des Bibliographie et un index.
546 _aTexte en français
650 1 4 _aRelations internationales
_xDroit international public
650 1 4 _aConférence Au Sommet
651 1 _2qrmak
700 1 _aFuret, Marie-françoise
_ePréfacier
856 4 0 _uhttps://fll.law.cu.edu.eg/fulltext/bks/B11-07019.pdf
905 _a75
942 _2ddc
_cBK
_e21
_n0
999 _c57391
_d57391